Statistics for Languages Most Similar to Dutch

Click here to take the quiz!

General Stats

  • This quiz has been taken 254 times
  • The average score is 7 of 10

Answer Stats

IndexLanguage% Correct
18,7German
99%
27,2English
95%
23,3Swedish
92%
31,9Danish
88%
28,5Norwegian
87%
2,9Afrikaans
70%
34,8Icelandic
63%
21,1Luxembourgish
53%
56,0Italian
41%
55,8Romanian
15%

Score Distribution

Percentile by Number Answered

Percent of People with Each Score

Your Score History

You have not taken this quiz